Vista normal Vista MARC

Entrada Corporate Name

Número de registros utilizados en: 13

001 - CONTROL NUMBER

  • control field: 4087

003 - CONTROL NUMBER IDENTIFIER

  • control field: OSt

005 - DATE AND TIME OF LATEST TRANSACTION

  • control field: 20200507115211.0

008 - FIXED-LENGTH DATA ELEMENTS

  • fixed length control field: 200507|| aca||aabn | a|a d

040 ## - CATALOGING SOURCE

  • Original cataloging agency: OSt
  • Transcribing agency: OSt

110 ## - HEADING--CORPORATE NAME

  • Corporate name or jurisdiction name as entry element: Colombia. Departamento Nacional de Planeación

670 ## - SOURCE DATA FOUND

  • Source citation: Work cat.: (OSt)5047: Colombia. Departamento Nacional de Planeación, Construir ciudades amables : , 2006